[Event "XtraCon-Skakligaen"]
[Site "Denmark"]
[Date "2009.03.22"]
[Round "9.1"]
[White "Matthiesen, Arne"]
[Black "Hansen, Sune Berg"]
[Result "0-1"]
[WhiteElo "2349"]
[BlackElo "2544"]
[PlyCount "80"]
[EventDate "2008.11.01"]
[EventType "team-tourn"]
[EventRounds "9"]
[EventCountry "DEN"]
[WhiteTeam "SK1968"]
[BlackTeam "Helsingor"]
[WhiteTeamCountry "DEN"]
[BlackTeamCountry "DEN"]

1. d4 d5 2. c4 c6 3. Nf3 Nf6 4. e3 Bg4 5. h3 Bxf3 6. Qxf3 e6 7. Nc3 Nbd7 8. Bd2
Bb4 9. Qd1 O-O 10. a3 Ba5 11. cxd5 exd5 12. Bd3 Re8 13. O-O Bc7 14. Re1 Nf8 15.
g3 Ne6 16. h4 c5 17. dxc5 Nxc5 18. Bb5 Re6 19. Bf1 Be5 20. Qc2 Rc6 21. Qf5 Qe7
22. Rad1 g6 23. Qb1 Rd8 24. b4 Nce4 25. Nxe4 Nxe4 26. Re2 Bc3 27. Bc1 Bf6 28.
Bd2 Qc7 29. b5 Rc4 30. Bg2 Qc5 31. Be1 Qxa3 32. Ra2 Qc5 33. Bf1 Nc3 34. Bxc3
Rxc3 35. Bg2 d4 36. Qe4 Rc1 37. Rad2 dxe3 38. Rxd8+ Bxd8 39. Qe8+ Kg7 40. Qxd8
e2 0-1

[Event "XtraCon-Skakligaen"]
[Site "Denmark"]
[Date "2009.03.22"]
[Round "9.2"]
[White "Mortensen, Erling"]
[Black "Matthiesen, Martin"]
[Result "1/2-1/2"]
[WhiteElo "2455"]
[BlackElo "2298"]
[PlyCount "85"]
[EventDate "2008.11.01"]
[EventType "team-tourn"]
[EventRounds "9"]
[EventCountry "DEN"]
[WhiteTeam "Helsingor"]
[BlackTeam "SK1968"]
[WhiteTeamCountry "DEN"]
[BlackTeamCountry "DEN"]

1. e4 c5 2. Nf3 d6 3. d4 cxd4 4. Nxd4 Nf6 5. Nc3 a6 6. Be3 e5 7. Nb3 Be6 8. Qd2
Nbd7 9. f4 Rc8 10. f5 Bxb3 11. axb3 d5 12. exd5 Bb4 13. Qd3 Nc5 14. Qc4 Qd6 15.
O-O-O O-O 16. Kb1 Bxc3 17. Qxc3 Rfd8 18. Qe1 Qc7 19. Bg5 Nce4 20. Bd3 Nxg5 21.
h4 Nh3 22. Rxh3 Rxd5 23. Bc4 Rc5 24. c3 e4 25. g4 Nxg4 26. Rg3 h5 27. Be2 Qf4
28. Bxg4 hxg4 29. Qg1 Qxf5 30. Rf1 Qe6 31. Rxg4 g6 32. b4 Rh5 33. Re1 Re8 34.
Rexe4 Qxe4+ 35. Rxe4 Rxe4 36. Qb6 Rhxh4 37. Qxb7 Re2 38. Qxa6 Rhh2 39. Qa3
Rxb2+ 40. Qxb2 Rxb2+ 41. Kxb2 Kf8 42. b5 Ke7 43. Kc2 1/2-1/2

[Event "XtraCon-Skakligaen"]
[Site "Denmark"]
[Date "2009.03.22"]
[Round "9.3"]
[White "Holst, Allan"]
[Black "Nielsen, Nicholas Roland"]
[Result "0-1"]
[WhiteElo "2352"]
[BlackElo "2197"]
[PlyCount "66"]
[EventDate "2008.11.01"]
[EventType "team-tourn"]
[EventRounds "9"]
[EventCountry "DEN"]
[WhiteTeam "SK1968"]
[BlackTeam "Helsingor"]
[WhiteTeamCountry "DEN"]
[BlackTeamCountry "DEN"]

1. c4 Nf6 2. Nc3 e5 3. Nf3 Nc6 4. e3 d5 5. cxd5 Nxd5 6. d3 Be7 7. Be2 O-O 8.
O-O Be6 9. a3 Qd7 10. Nxd5 Bxd5 11. b4 a6 12. Bb2 Bf6 13. Nd2 Rad8 14. Qc2 Be7
15. Ne4 f5 16. Nc5 Qc8 17. e4 Bf7 18. Nxa6 f4 19. Rfc1 Rd6 20. Nxc7 Rg6 21. Bf3
Qh3 22. Kh1 Qh4 23. b5 Rh6 24. h3 Bh5 25. Qe2 g5 26. Bxh5 Rxh5 27. f3 g4 28.
Rg1 Qg3 29. fxg4 f3 30. Qc2 fxg2+ 31. Rxg2 Qxh3+ 32. Rh2 Rf1+ 33. Rxf1 Qxf1#
0-1

[Event "XtraCon-Skakligaen"]
[Site "Denmark"]
[Date "2009.03.22"]
[Round "9.4"]
[White "Jorgensen, Michael"]
[Black "Sobjerg, Erik"]
[Result "0-1"]
[WhiteElo "2186"]
[BlackElo "2304"]
[PlyCount "78"]
[EventDate "2008.11.01"]
[EventType "team-tourn"]
[EventRounds "9"]
[EventCountry "DEN"]
[WhiteTeam "Helsingor"]
[BlackTeam "SK1968"]
[WhiteTeamCountry "DEN"]
[BlackTeamCountry "DEN"]

1. d4 Nf6 2. c4 e6 3. Nf3 c5 4. d5 b5 5. Bg5 exd5 6. cxd5 d6 7. e4 a6 8. Bd3
Be7 9. Bf4 Bg4 10. Nbd2 Nbd7 11. h3 Bh5 12. g4 Bg6 13. Qe2 O-O 14. O-O c4 15.
Bb1 Re8 16. Re1 Bf8 17. Qf1 Nc5 18. Bg5 Qa5 19. Bxf6 gxf6 20. Bc2 Bh6 21. Qe2
f5 22. gxf5 Bxf5 23. a4 Qd8 24. axb5 axb5 25. Rxa8 Qxa8 26. Nd4 Bg6 27. Nc6 Qa2
28. Rb1 Nd3 29. f3 Nxb2 30. Nf1 Na4 31. Nb4 Nc3 32. Nxa2 Nxe2+ 33. Kf2 Nd4 34.
Bd1 f5 35. Nc3 fxe4 36. fxe4 Rf8+ 37. Kg2 Rb8 38. Rb4 Bc1 39. Nb1 Bxe4+ 0-1

[Event "XtraCon-Skakligaen"]
[Site "Denmark"]
[Date "2009.03.22"]
[Round "9.5"]
[White "Lindfeldt, Jan Magnus"]
[Black "Larsen, Ole"]
[Result "1/2-1/2"]
[WhiteElo "2249"]
[BlackElo "2266"]
[PlyCount "35"]
[EventDate "2008.11.01"]
[EventType "team-tourn"]
[EventRounds "9"]
[EventCountry "DEN"]
[WhiteTeam "SK1968"]
[BlackTeam "Helsingor"]
[WhiteTeamCountry "DEN"]
[BlackTeamCountry "DEN"]

1. e4 c5 2. Nf3 e6 3. Nc3 Nc6 4. Bb5 Qc7 5. O-O d6 6. d4 cxd4 7. Qxd4 Bd7 8.
Bxc6 Bxc6 9. Re1 e5 10. Qc4 Rc8 11. Bg5 h6 12. Bh4 g5 13. Bg3 Nf6 14. Rad1 Nh5
15. Nb5 Bxb5 16. Qxb5+ Qc6 17. Qa5 Be7 18. c3 1/2-1/2

[Event "XtraCon-Skakligaen"]
[Site "Denmark"]
[Date "2009.03.22"]
[Round "9.6"]
[White "Fagerstrom, Bjorn"]
[Black "Hansen, Bjarne"]
[Result "0-1"]
[WhiteElo "2132"]
[BlackElo "2257"]
[PlyCount "44"]
[EventDate "2008.11.01"]
[EventType "team-tourn"]
[EventRounds "9"]
[EventCountry "DEN"]
[WhiteTeam "Helsingor"]
[BlackTeam "SK1968"]
[WhiteTeamCountry "DEN"]
[BlackTeamCountry "DEN"]

1. d4 Nf6 2. c4 d6 3. Nc3 Nbd7 4. e4 e5 5. Nf3 Be7 6. Be2 c6 7. O-O a6 8. a4 a5
9. Qc2 O-O 10. h3 Re8 11. Re1 Bf8 12. Bf1 Nh5 13. Be3 Qf6 14. Qd2 Nf4 15. Bxf4
exf4 16. Rad1 Qh6 17. Nh2 Nf6 18. e5 dxe5 19. dxe5 Nh5 20. Ng4 Bxg4 21. hxg4
Ng3 22. fxg3 Bc5+ 0-1

[Event "XtraCon-Skakligaen"]
[Site "Denmark"]
[Date "2009.03.22"]
[Round "9.7"]
[White "Hansen, Lars"]
[Black "Dalsberg, Sandra de Blecourt"]
[Result "1-0"]
[WhiteElo "2212"]
[BlackElo "2078"]
[PlyCount "89"]
[EventDate "2008.11.01"]
[EventType "team-tourn"]
[EventRounds "9"]
[EventCountry "DEN"]
[WhiteTeam "SK1968"]
[BlackTeam "Helsingor"]
[WhiteTeamCountry "DEN"]
[BlackTeamCountry "DEN"]

1. e4 d5 2. exd5 Qxd5 3. Nc3 Qa5 4. Bc4 Nf6 5. d3 e5 6. Bd2 Qb6 7. Nf3 Bd6 8.
Qe2 O-O 9. O-O-O Nc6 10. Bg5 Ng4 11. h3 Nxf2 12. Nd5 Qc5 13. Be3 Nd4 14. Bxd4
exd4 15. Qxf2 b5 16. b4 Qc6 17. Bb3 a5 18. Nxd4 Qd7 19. bxa5 Bc5 20. c3 Rxa5
21. Qg3 Bxd4 22. cxd4 Ra6 23. Rhf1 Rg6 24. Qh4 Rxg2 25. Rg1 Qxh3 26. Qxh3 Bxh3
27. Rxg2 Bxg2 28. Kb1 Bxd5 29. Bxd5 Rd8 30. Re1 Kf8 31. Bc6 f6 32. d5 g5 33.
Kc2 h5 34. Kc3 g4 35. Kd4 Kf7 36. Ke4 Rg8 37. Kf4 h4 38. Rh1 g3 39. d6 cxd6 40.
Bd5+ Kg7 41. Bxg8 g2 42. Rg1 h3 43. Kg3 Kxg8 44. Kxh3 Kf7 45. Rxg2 1-0

[Event "XtraCon-Skakligaen"]
[Site "Denmark"]
[Date "2009.03.22"]
[Round "9.8"]
[White "Molin, Claus"]
[Black "Christensen, Thomas"]
[Result "0-1"]
[WhiteElo "2003"]
[BlackElo "2245"]
[PlyCount "114"]
[EventDate "2008.11.01"]
[EventType "team-tourn"]
[EventRounds "9"]
[EventCountry "DEN"]
[WhiteTeam "Helsingor"]
[BlackTeam "SK1968"]
[WhiteTeamCountry "DEN"]
[BlackTeamCountry "DEN"]

1. Nf3 Nf6 2. c4 e6 3. d4 b6 4. g3 Bb4+ 5. Bd2 a5 6. Bg2 Bb7 7. O-O O-O 8. a3
Be7 9. Nc3 Ne4 10. Rc1 Nxd2 11. Qxd2 d6 12. e4 a4 13. Qc2 Qd7 14. Rfd1 Ra5 15.
Re1 Ba6 16. Bf1 Rc8 17. Rcd1 Qe8 18. Bd3 e5 19. Nd5 Nd7 20. Qc3 Bd8 21. Nb4 Bb7
22. d5 Bf6 23. Nd2 Qe7 24. Nf1 Nc5 25. Bc2 Rf8 26. Qe3 Raa8 27. Qc1 Bg5 28. f4
Bh6 29. Ne3 Bc8 30. Nc6 Qe8 31. f5 Bd7 32. Nb4 g6 33. Qb1 gxf5 34. exf5 f6 35.
Ng4 Bg7 36. Nf2 Qh5 37. g4 Qh4 38. Re3 Bh6 39. Rh3 Qg5 40. Nbd3 Kh8 41. Nxc5
bxc5 42. Rdd3 Qg7 43. Rdf3 Rg8 44. Be4 Be8 45. b4 axb3 46. Rxb3 Bf4 47. Rb8
Rxb8 48. Qxb8 Bh5 49. Qxg8+ Qxg8 50. Rxh5 Qb8 51. Rh3 Qb2 52. Rf3 Qc1+ 53. Kg2
Qxc4 54. h4 h6 55. g5 hxg5 56. hxg5 Bxg5 57. Kh3 Qd4 0-1

[Event "XtraCon-Skakligaen"]
[Site "Denmark"]
[Date "2009.03.22"]
[Round "9.1"]
[White "Pedersen, Nicolai Vesterbaek"]
[Black "Antonsen, Mikkel"]
[Result "1-0"]
[WhiteElo "2417"]
[BlackElo "2442"]
[PlyCount "87"]
[EventDate "2008.11.01"]
[EventType "team-tourn"]
[EventRounds "9"]
[EventCountry "DEN"]
[WhiteTeam "Aalborg"]
[BlackTeam "Nastved"]
[WhiteTeamCountry "DEN"]
[BlackTeamCountry "DEN"]

1. e4 e5 2. Nf3 Nc6 3. Nc3 Nf6 4. Bb5 Nd4 5. Bc4 d6 6. Nxd4 exd4 7. Nd5 Nd7 8.
d3 g6 9. Qf3 Ne5 10. Nf6+ Ke7 11. Qg3 Bg7 12. Nd5+ Kf8 13. Bb3 h5 14. h4 c6 15.
Nf4 a5 16. a3 a4 17. Ba2 Ng4 18. Bd2 Be5 19. Qf3 Qf6 20. Ne2 Be6 21. c3 Bxa2
22. Rxa2 Qe6 23. Ra1 dxc3 24. bxc3 d5 25. d4 dxe4 26. Qxe4 Bd6 27. Qxe6 fxe6
28. c4 Kf7 29. f3 Nf6 30. Kf2 b5 31. Rhb1 Rhc8 32. Bf4 Be7 33. Bg5 Rab8 34. Rb2
Nd7 35. Bxe7 Kxe7 36. Nf4 Kf6 37. Re1 e5 38. dxe5+ Nxe5 39. cxb5 Rxb5 40. Rd2
Kf5 41. Rd6 Re8 42. Ne2 Rb2 43. Kg3 c5 44. Kh3 1-0

[Event "XtraCon-Skakligaen"]
[Site "Denmark"]
[Date "2009.03.22"]
[Round "9.2"]
[White "Olsen, Nils Linde"]
[Black "Pedersen, Erik"]
[Result "1-0"]
[WhiteElo "2256"]
[BlackElo "2417"]
[PlyCount "45"]
[EventDate "2008.11.01"]
[EventType "team-tourn"]
[EventRounds "9"]
[EventCountry "DEN"]
[WhiteTeam "Nastved"]
[BlackTeam "Aalborg"]
[WhiteTeamCountry "DEN"]
[BlackTeamCountry "DEN"]

1. d4 Nf6 2. c4 b6 3. Nc3 Bb7 4. Qc2 d5 5. cxd5 Nxd5 6. e4 Nxc3 7. bxc3 e6 8.
Nf3 Be7 9. Bb5+ c6 10. Bd3 c5 11. O-O Nd7 12. Re1 O-O 13. Bf4 cxd4 14. cxd4 Rc8
15. Qb3 Nb8 16. Rad1 Nc6 17. d5 Na5 18. Qb1 exd5 19. exd5 Kh8 20. Bxh7 g6 21.
Bxg6 fxg6 22. Qxg6 Nc4 23. Ng5 1-0

[Event "XtraCon-Skakligaen"]
[Site "Denmark"]
[Date "2009.03.22"]
[Round "9.3"]
[White "Luch, Michal"]
[Black "Jorgensen, Brian Jorgen"]
[Result "1-0"]
[WhiteElo "2411"]
[BlackElo "2255"]
[PlyCount "79"]
[EventDate "2008.11.01"]
[EventType "team-tourn"]
[EventRounds "9"]
[EventCountry "DEN"]
[WhiteTeam "Aalborg"]
[BlackTeam "Nastved"]
[WhiteTeamCountry "DEN"]
[BlackTeamCountry "DEN"]

1. d4 d5 2. c4 c6 3. Nf3 Nf6 4. Qc2 e6 5. Nbd2 Nbd7 6. g3 Bd6 7. Bg2 O-O 8. O-O
b6 9. e4 dxe4 10. Nxe4 Nxe4 11. Qxe4 Bb7 12. Ne5 Rc8 13. Bf4 Nf6 14. Qe2 Qe7
15. Bg5 Qc7 16. Bxf6 gxf6 17. Ng4 Qe7 18. Rfe1 Kh8 19. Qe3 f5 20. Ne5 Rc7 21.
Rad1 Re8 22. c5 bxc5 23. Nc4 Rd7 24. dxc5 Bc7 25. Rxd7 Qxd7 26. Nd6 Bxd6 27.
Rd1 Ba8 28. Rxd6 Qc7 29. Qd2 Kg8 30. Bf3 Rf8 31. Qg5+ Kh8 32. Qf6+ Kg8 33. h4
Qa5 34. h5 h6 35. Qxh6 Qxc5 36. Qg5+ Kh7 37. Rd7 Qe5 38. Rxf7+ Rxf7 39. Qg6+
Kh8 40. Qxf7 1-0

[Event "XtraCon-Skakligaen"]
[Site "Denmark"]
[Date "2009.03.22"]
[Round "9.4"]
[White "Flindt, Thomas"]
[Black "Pedersen, Daniel Vesterbaek"]
[Result "0-1"]
[WhiteElo "2179"]
[BlackElo "2251"]
[PlyCount "78"]
[EventDate "2008.11.01"]
[EventType "team-tourn"]
[EventRounds "9"]
[EventCountry "DEN"]
[WhiteTeam "Nastved"]
[BlackTeam "Aalborg"]
[WhiteTeamCountry "DEN"]
[BlackTeamCountry "DEN"]

1. e4 e5 2. Nf3 Nc6 3. Bb5 a6 4. Bxc6 dxc6 5. O-O Bd6 6. d4 exd4 7. Qxd4 f6 8.
Re1 Be6 9. e5 Bxe5 10. Qb4 b6 11. Nxe5 fxe5 12. Rxe5 Qd1+ 13. Re1 O-O-O 14. Bg5
Nf6 15. Nc3 Qd7 16. Rad1 Qf7 17. Bxf6 Rxd1 18. Nxd1 Qxf6 19. Qe4 Bd7 20. Qd3 a5
21. Re3 Bf5 22. Qe2 Kb7 23. h3 Rd8 24. Rc3 Qg5 25. Qf3 Be4 26. Qxe4 Rxd1+ 27.
Kh2 Qd5 28. Qxd5 cxd5 29. g4 Rd2 30. Kg3 d4 31. Rd3 Rxc2 32. Rxd4 Rxb2 33. f4
Rxa2 34. f5 Kc6 35. g5 Re2 36. Kf4 b5 37. f6 gxf6 38. gxf6 a4 39. Kf5 Kc5 0-1

[Event "XtraCon-Skakligaen"]
[Site "Denmark"]
[Date "2009.03.22"]
[Round "9.5"]
[White "Nielsen, Steffen"]
[Black "Schyberg, Brian"]
[Result "1-0"]
[WhiteElo "2237"]
[BlackElo "2135"]
[PlyCount "69"]
[EventDate "2008.11.01"]
[EventType "team-tourn"]
[EventRounds "9"]
[EventCountry "DEN"]
[WhiteTeam "Aalborg"]
[BlackTeam "Nastved"]
[WhiteTeamCountry "DEN"]
[BlackTeamCountry "DEN"]

1. e4 Nc6 2. Nf3 f5 3. exf5 d5 4. d4 Bxf5 5. Bd3 Bg4 6. h3 Bxf3 7. Qxf3 Nf6 8.
c3 e5 9. dxe5 Nxe5 10. Qe3 Qe7 11. Be2 Ned7 12. O-O Qxe3 13. Bxe3 Bc5 14. Bf4
c6 15. Nd2 O-O 16. Rae1 Nh5 17. Bh2 Nf4 18. Nb3 Bd6 19. c4 Bb4 20. Bxf4 Bxe1
21. Bd6 Rf6 22. c5 Bb4 23. Bg4 Rxd6 24. cxd6 Rd8 25. a3 Bxd6 26. Na5 Ne5 27.
Nxb7 Rb8 28. Nxd6 Nxg4 29. hxg4 Rxb2 30. Rc1 Rb6 31. Nc8 Ra6 32. Rxc6 Rxa3 33.
Ne7+ Kf7 34. Nxd5 Ra5 35. Kh2 1-0

[Event "XtraCon-Skakligaen"]
[Site "Denmark"]
[Date "2009.03.22"]
[Round "9.6"]
[White "Hansen, Martin"]
[Black "Hjorth, Torben"]
[Result "1/2-1/2"]
[WhiteElo "2125"]
[BlackElo "2159"]
[PlyCount "78"]
[EventDate "2008.11.01"]
[EventType "team-tourn"]
[EventRounds "9"]
[EventCountry "DEN"]
[WhiteTeam "Nastved"]
[BlackTeam "Aalborg"]
[WhiteTeamCountry "DEN"]
[BlackTeamCountry "DEN"]

1. e4 c5 2. c3 d6 3. d4 Nf6 4. Bd3 Nc6 5. Ne2 e5 6. d5 Nb8 7. Nd2 Be7 8. O-O
O-O 9. a4 Nh5 10. Nc4 b6 11. f4 exf4 12. Nxf4 Nxf4 13. Bxf4 Ba6 14. Ne3 Bxd3
15. Qxd3 Nd7 16. Nf5 Ne5 17. Bxe5 dxe5 18. Qg3 Bf6 19. Rf3 Kh8 20. Raf1 a5 21.
Qg4 Ra7 22. Rh3 g6 23. Nh6 Bg7 24. Qg3 Qd6 25. Ng4 h5 26. Ne3 b5 27. Nf5 gxf5
28. Rxf5 f6 29. Rfxh5+ Kg8 30. Rh8+ Kf7 31. R3h7 Rg8 32. Qg4 Qd7 33. Qh5+ Kf8
34. Rxg8+ Kxg8 35. Qg6 bxa4 36. h4 Qf7 37. Qf5 Qd7 38. Qg6 Qf7 39. Qf5 Qd7
1/2-1/2

[Event "XtraCon-Skakligaen"]
[Site "Denmark"]
[Date "2009.03.22"]
[Round "9.7"]
[White "Nielsen, Jorgen G"]
[Black "Vovk, Oksana"]
[Result "1/2-1/2"]
[WhiteElo "2159"]
[BlackElo "2142"]
[PlyCount "121"]
[EventDate "2008.11.01"]
[EventType "team-tourn"]
[EventRounds "9"]
[EventCountry "DEN"]
[WhiteTeam "Aalborg"]
[BlackTeam "Nastved"]
[WhiteTeamCountry "DEN"]
[BlackTeamCountry "DEN"]

1. d4 Nf6 2. c4 e6 3. Nf3 Bb4+ 4. Bd2 Qe7 5. Qc2 Bxd2+ 6. Nbxd2 d6 7. e4 e5 8.
d5 a5 9. Bd3 O-O 10. O-O Na6 11. a3 Bd7 12. b3 g6 13. Qc3 Nc5 14. b4 Nxd3 15.
Qxd3 Nh5 16. Qe3 f5 17. exf5 gxf5 18. Qg5+ Qxg5 19. Nxg5 h6 20. Ngf3 Nf6 21. b5
Kf7 22. Nh4 Nh5 23. g3 Rg8 24. Rfe1 Rg4 25. Kf1 Rag8 26. Ke2 Nf6 27. Rac1 b6
28. Rc3 Ne4 29. Nxe4 Rxe4+ 30. Kd2 Rd4+ 31. Ke2 Rgg4 32. Rec1 Rge4+ 33. Kf1
Rxc4 34. Kg2 Bxb5 35. Nxf5 Kg6 36. Ne3 Rc5 37. Rxc5 dxc5 38. Rc3 Rd4 39. Kf3
Bd7 40. g4 Rf4+ 41. Kg3 Rd4 42. h4 Bb5 43. Nf5 Rd3+ 44. Rxd3 Bxd3 45. h5+ Kg5
46. Ng7 c4 47. Kf3 Kf6 48. Ne8+ Ke7 49. Nxc7 Kd6 50. Nb5+ Kxd5 51. Ke3 Kc5 52.
Nc3 b5 53. Ne4+ Bxe4 54. Kxe4 b4 55. axb4+ Kxb4 56. g5 c3 57. gxh6 c2 58. h7
c1=Q 59. h8=Q Qc2+ 60. Ke3 Qc5+ 61. Ke2 1/2-1/2

[Event "XtraCon-Skakligaen"]
[Site "Denmark"]
[Date "2009.03.22"]
[Round "9.8"]
[White "Pedersen, Dimon Paul"]
[Black "Sonderstrup, Bjarne"]
[Result "1-0"]
[WhiteElo "2095"]
[BlackElo "2059"]
[PlyCount "67"]
[EventDate "2008.11.01"]
[EventType "team-tourn"]
[EventRounds "9"]
[EventCountry "DEN"]
[WhiteTeam "Nastved"]
[BlackTeam "Aalborg"]
[WhiteTeamCountry "DEN"]
[BlackTeamCountry "DEN"]

1. c4 e5 2. g3 Nc6 3. Bg2 g6 4. Nc3 Bg7 5. e4 Nge7 6. Nge2 d6 7. O-O O-O 8. d3
f5 9. Nd5 h6 10. Be3 Nd4 11. Nxe7+ Qxe7 12. Nxd4 exd4 13. Bd2 c6 14. f4 Qf7 15.
b3 Kh7 16. Kh1 Bd7 17. Re1 Rae8 18. Rb1 Re7 19. e5 c5 20. exd6 Rxe1+ 21. Bxe1
Bc6 22. b4 Bxg2+ 23. Kxg2 b6 24. bxc5 bxc5 25. Ba5 Qd7 26. Bc7 Re8 27. Qf3 Re3
28. Qd5 Rxd3 29. Rb8 Rd2+ 30. Kh3 g5 31. fxg5 f4+ 32. g4 Rd3+ 33. Kh4 Rd2 34.
Qe4+ 1-0

[Event "XtraCon-Skakligaen"]
[Site "Denmark"]
[Date "2009.03.22"]
[Round "9.1"]
[White "Hector, Jonny"]
[Black "Hillarp Persson, Tiger"]
[Result "1/2-1/2"]
[WhiteElo "2552"]
[BlackElo "2543"]
[PlyCount "121"]
[EventDate "2008.11.01"]
[EventType "team-tourn"]
[EventRounds "9"]
[EventCountry "DEN"]
[WhiteTeam "Nordkalotten"]
[BlackTeam "Bronshoj"]
[WhiteTeamCountry "DEN"]
[BlackTeamCountry "DEN"]

1. e4 c5 2. Nf3 e6 3. d4 cxd4 4. Nxd4 a6 5. Nc3 b5 6. Bd3 Qb6 7. Nf3 Qc7 8. O-O
Bb7 9. Bg5 Nc6 10. Qd2 f6 11. Bf4 Ne5 12. Bxe5 fxe5 13. Qg5 Nf6 14. Qxe5 Qxe5
15. Nxe5 b4 16. Na4 Bxe4 17. Bxe4 Nxe4 18. Rad1 d5 19. Rfe1 Rc8 20. f3 Nf6 21.
Rd2 Bd6 22. Rde2 O-O 23. Nd3 e5 24. Nxe5 Bxe5 25. Rxe5 Rxc2 26. R5e2 Rfc8 27.
g4 Rxe2 28. Rxe2 Kf7 29. h4 h5 30. g5 Nd7 31. Kf2 Rc6 32. b3 Nf8 33. Rd2 Ke6
34. Nb2 Ng6 35. Nd3 a5 36. Kg3 Rc3 37. Nf4+ Nxf4 38. Kxf4 a4 39. bxa4 Ra3 40.
Re2+ Kf7 41. Ke5 Rxa4 42. f4 d4 43. Rd2 d3 44. f5 Ra3 45. Rb2 g6 46. f6 Ra4 47.
Rd2 b3 48. axb3 Rxh4 49. Rxd3 Rb4 50. Rd7+ Kf8 51. Rg7 Rb5+ 52. Kd6 Rb6+ 53.
Kd5 Rb5+ 54. Kd6 Rxg5 55. Rb7 Rg1 56. b4 Rd1+ 57. Ke5 Re1+ 58. Kf4 Rf1+ 59. Ke5
Re1+ 60. Kf4 Rf1+ 61. Ke5 1/2-1/2

[Event "XtraCon-Skakligaen"]
[Site "Denmark"]
[Date "2009.03.22"]
[Round "9.2"]
[White "Hoi, Carsten"]
[Black "Brynell, Stellan"]
[Result "1/2-1/2"]
[WhiteElo "2371"]
[BlackElo "2447"]
[PlyCount "45"]
[EventDate "2008.11.01"]
[EventType "team-tourn"]
[EventRounds "9"]
[EventCountry "DEN"]
[WhiteTeam "Bronshoj"]
[BlackTeam "Nordkalotten"]
[WhiteTeamCountry "DEN"]
[BlackTeamCountry "DEN"]

1. Nf3 Nf6 2. c4 b6 3. d4 e6 4. a3 c5 5. e3 Bb7 6. Nc3 d5 7. cxd5 exd5 8. Bb5+
Nbd7 9. O-O a6 10. Bxd7+ Nxd7 11. dxc5 Nxc5 12. b4 Ne6 13. Bb2 Bd6 14. Ne2 O-O
15. Ned4 Re8 16. Rc1 Rc8 17. Rxc8 Qxc8 18. Qd2 Qd7 19. Rc1 Rc8 20. Rxc8+ Qxc8
21. Nf5 Qc7 22. Nxd6 Qxd6 23. Nd4 1/2-1/2

[Event "XtraCon-Skakligaen"]
[Site "Denmark"]
[Date "2009.03.22"]
[Round "9.4"]
[White "Aabling Thomsen, Jakob"]
[Black "Nielsen, Lars Aaes"]
[Result "1/2-1/2"]
[WhiteElo "2246"]
[BlackElo "2178"]
[PlyCount "160"]
[EventDate "2008.11.01"]
[EventType "team-tourn"]
[EventRounds "9"]
[EventCountry "DEN"]
[WhiteTeam "Bronshoj"]
[BlackTeam "Nordkalotten"]
[WhiteTeamCountry "DEN"]
[BlackTeamCountry "DEN"]

1. e4 e6 2. d4 d5 3. Nc3 Bb4 4. e5 c5 5. a3 Bxc3+ 6. bxc3 Ne7 7. Qg4 Qc7 8.
Qxg7 Rg8 9. Qxh7 cxd4 10. Ne2 dxc3 11. f4 b6 12. Ng3 Qc5 13. Nh5 Rf8 14. Nf6+
Kd8 15. Qh5 Ng6 16. Bd3 Rh8 17. Qe2 Rxh2 18. Be3 Rxh1+ 19. Kf2 d4 20. Rxh1
dxe3+ 21. Kg3 Nc6 22. Bxg6 fxg6 23. Qd3+ Nd4 24. Rd1 Kc7 25. Qxd4 Qxd4 26. Rxd4
Ba6 27. Rd7+ Kc8 28. Rh7 Bf1 29. Ne4 e2 30. Kf2 Bxg2 31. Nd6+ Kd8 32. Kxe2 a5
33. Kd3 a4 34. Kxc3 Ra5 35. Kb4 Rd5 36. Rg7 Bf1 37. Kxa4 Be2 38. Kb4 Rd1 39.
Kc3 Ra1 40. Kb2 Rf1 41. a4 Bd1 42. Ne4 Bg4 43. Nd6 Bf5 44. c4 Rxf4 45. Rb7 Rf2+
46. Kc3 Rc2+ 47. Kd4 Rd2+ 48. Ke3 Ra2 49. Rxb6 Rxa4 50. Rb7 Ra1 51. Rg7 Ra6 52.
Kd4 Rc6 53. Nb5 Ra6 54. Kc5 Be4 55. Nd6 Bf3 56. Rxg6 Ke7 57. Rg7+ Kd8 58. Kb5
Rc6 59. Rg3 Bh1 60. Rh3 Bg2 61. Rh2 Bf3 62. Nf7+ Kc7 63. Ng5 Rb6+ 64. Ka5 Bg4
65. Ne4 Bf3 66. Nd6 Rb1 67. Rh8 Rd1 68. Rc8+ Kd7 69. Rc5 Rb1 70. Nb5 Bd1 71.
Rc7+ Kd8 72. Rc6 Ke7 73. Kb6 Bf3 74. Rd6 Bg2 75. Kc5 Re1 76. Rd2 Rxe5+ 77. Kb6
Bf1 78. Nd4 Bxc4 79. Nc6+ Kf6 80. Nxe5 Kxe5 1/2-1/2

[Event "XtraCon-Skakligaen"]
[Site "Denmark"]
[Date "2009.03.22"]
[Round "9.5"]
[White "Kristensen, Kaare Hove"]
[Black "Palm, Nikolaj"]
[Result "1-0"]
[WhiteElo "2215"]
[BlackElo "2239"]
[PlyCount "73"]
[EventDate "2008.11.01"]
[EventType "team-tourn"]
[EventRounds "9"]
[EventCountry "DEN"]
[WhiteTeam "Nordkalotten"]
[BlackTeam "Bronshoj"]
[WhiteTeamCountry "DEN"]
[BlackTeamCountry "DEN"]

1. d4 d5 2. c4 e6 3. Nc3 c6 4. e4 dxe4 5. Nxe4 Bb4+ 6. Bd2 Qxd4 7. Bxb4 Qxe4+
8. Be2 Na6 9. Bd6 e5 10. Nf3 f6 11. O-O Bf5 12. Nxe5 Qc2 13. Re1 Qxd1 14. Raxd1
fxe5 15. Bh5+ Bg6 16. Bxg6+ hxg6 17. Bxe5 Kf8 18. Rd7 Nf6 19. Rxb7 Kg8 20. Bxf6
gxf6 21. Ree7 Rh6 22. Rxa7 Rxa7 23. Rxa7 Nb4 24. g3 Rh5 25. a3 Nd3 26. b4 Re5
27. c5 Re1+ 28. Kg2 Rb1 29. f4 f5 30. Rc7 Rb2+ 31. Kf1 Rb3 32. Rxc6 Rxa3 33.
Rxg6+ Kf7 34. Rb6 Rb3 35. c6 Ke7 36. b5 Nc5 37. c7 1-0

[Event "XtraCon-Skakligaen"]
[Site "Denmark"]
[Date "2009.03.22"]
[Round "9.6"]
[White "Petersen, Steen"]
[Black "Hove, Esben Kjems"]
[Result "0-1"]
[WhiteElo "2135"]
[BlackElo "2285"]
[PlyCount "50"]
[EventDate "2008.11.01"]
[EventType "team-tourn"]
[EventRounds "9"]
[EventCountry "DEN"]
[WhiteTeam "Bronshoj"]
[BlackTeam "Nordkalotten"]
[WhiteTeamCountry "DEN"]
[BlackTeamCountry "DEN"]

1. e4 d5 2. exd5 Qxd5 3. Nc3 Qa5 4. d4 c6 5. Bc4 Nf6 6. Bd2 Qb6 7. Nf3 Bf5 8.
Qe2 Nbd7 9. O-O-O e6 10. Ne5 Be7 11. Nxd7 Kxd7 12. Bf4 Qa5 13. Rhe1 Bb4 14. Qe5
Qxe5 15. dxe5+ Nd5 16. Nxd5 cxd5 17. Bb5+ Ke7 18. c3 Rhc8 19. Bg5+ Kf8 20. f3
a6 21. Bd3 Bxc3 22. bxc3 Rxc3+ 23. Kb2 Rxd3 24. Rc1 h6 25. Be3 d4 0-1

[Event "XtraCon-Skakligaen"]
[Site "Denmark"]
[Date "2009.03.22"]
[Round "9.2"]
[White "Semcesen, Daniel"]
[Black "Pedersen, Christian Kyndel"]
[Result "0-1"]
[WhiteElo "2402"]
[BlackElo "2426"]
[PlyCount "74"]
[EventDate "2008.11.01"]
[EventType "team-tourn"]
[EventRounds "9"]
[EventCountry "DEN"]
[WhiteTeam "K41"]
[BlackTeam "Jetsmark"]
[WhiteTeamCountry "DEN"]
[BlackTeamCountry "DEN"]

1. d4 Nf6 2. c4 e6 3. Nc3 Bb4 4. e3 c5 5. Nge2 cxd4 6. exd4 O-O 7. a3 Be7 8. g3
d5 9. c5 b6 10. b4 a5 11. Rb1 axb4 12. axb4 bxc5 13. dxc5 e5 14. Bg2 Bf5 15.
Rb2 Na6 16. O-O d4 17. Na4 Rb8 18. Bd2 Nd5 19. f4 d3 20. Nec3 Ndxb4 21. fxe5
Be6 22. Be3 Qc7 23. Ne4 Qxe5 24. Kh1 Rbd8 25. Qd2 Nc2 26. Bg1 Bh3 27. Rb6 Bxg2+
28. Qxg2 Nab4 29. Nd2 Nd5 30. Nc4 Qe2 31. Rf2 Qg4 32. Rxc2 dxc2 33. Qxc2 Nxb6
34. Naxb6 Rd1 35. Kg2 Rfd8 36. Bf2 Qe6 37. Qc3 Bxc5 0-1